000
00308nam a22001337a 4500
008
170608b xxu||||| |||| 00| 0 eng d
020
_a
9780801332661
041
_a
eng
080
_a
323
100
_a
18
101
_a
SHK
245
_a
THE OTHER WORLD ISSUES AND POLITICS
_c
EVANS.C
942
_2
udc
_c
BK
999
_c
16584
_d
16584